000 00793nam a2200253Ia 4500
003 OSt
005 20220925172136.0
006 a|||||r|||| 00| 0
007 ta
008 220923b |||||||| |||| 00| 0 eng d
037 _cGeneral Book
040 _aRTL
_cRTL
_beng
041 _2eng
_aeng
082 _aX:77:b6.2.N8, M2
110 _aCentre for Monitoring Indian Economy
_9240700
245 0 _aDistrict level data for key economic indicators wi
260 _aBombay
_bCentre for Monitoring Indian Economy India
_c1982
300 _avp.
_ccm.
490 _aEconomic Intelligence Service
650 _aEconomic Development
_917300
700 _aCentre for Monitoring Indian Economy
_9240701
942 _hX:77:b6.2.N8, M2
_cGB
_2CC
999 _c484333
_d484333